[Event "Schachbundesliga 2010-11"]
[Site "Emsdetten GER"]
[Date "2010.12.12"]
[Round "6"]
[White "Bogner,S"]
[Black "Nikolic,Pr"]
[Result "0-1"]
[WhiteElo "2549"]
[BlackElo "2597"]

1.d4 Nf6 2.c4 e6 3.Nf3 Bb4+ 4.Bd2 a5 5.Qc2 d6 6.Nc3 Nbd7 7.a3 Bxc3 8.Bxc3 Qe7
9.e3 O-O 10.Be2 a4 11.O-O Re8 12.Rfe1 b6 13.e4 e5 14.Bf1 Bb7 15.d5 Nc5 16.Nd2 Nh5
17.g3 g6 18.Bb4 Bc8 19.Bg2 Bd7 20.Re3 Qg5 21.Nf3 Qh6 22.Bd2 Nb3 23.Rae1 Ng7
24.Qd1 Nxd2 25.Qxd2 Rf8 26.Rc3 Qxd2 27.Nxd2 Rae8 28.Nf1 Re7 29.f3 Nh5 30.Ne3 h6
31.Nc2 Kh7 32.Nb4 Rg8 33.Nd3 f5 34.Nf2 f4 35.g4 Nf6 36.h4 g5 37.h5 Ra8 38.Kf1 Kg7
39.Ke2 Ree8 40.Kd2 Reb8 41.Bf1 Kf7 42.Rb1 Ke7 43.Be2 Kd8 44.Rcc1 c5 45.b4 axb3
46.Rxb3 Kc7 47.Rcb1 Ra6 48.Kc1 Ba4 49.R3b2 Ra5 50.Ra1 Rba8 51.Kd2 Ne8 52.Nd3 Bd7
53.Rb3 Kb7 54.Nb2 Nc7 55.Bf1 R8a6 56.Be2 Ba4 57.Nxa4 Rxa4 58.Kc3 R6a5 59.Kb2 b5
60.cxb5 Kb6 61.Rc1 Rd4 62.Kc3 Raa4 63.Ra1 Ne8 64.Bf1 Nf6 65.Be2 Nd7 66.Bf1 Ra5
67.Bc4 Ra4 68.Bf1 Ra7 69.Bc4 Kc7 70.Be2 Nb6 71.Kc2 Ra5 72.Rab1 Kb7 73.Bf1 Nc4
74.Bxc4 Rxc4+ 75.Kb2 Kb6 76.Ka2 Rd4 77.R1b2 Raa4 78.Rc3 Rd1 79.Kb3 Rad4 80.Ka2 Re1
81.Kb3 Ra1 82.Ra2 Rf1 83.Rb2 Re1 84.Ra2 Kxb5 85.Rb2 Ka5 86.Ka2 Rdd1 87.Rcc2 Ra1+
88.Kb3 Re3+ 89.Kc4 Raxa3 90.Ra2 Rxf3 91.Rxa3+ Rxa3 92.Rb2 Ra4+ 93.Kc3 Rxe4
94.Rb8 f3  0-1

[Event "Schachbundesliga 2010-11"]
[Site "Remagen GER"]
[Date "2011.02.04"]
[Round "7"]
[White "Nikolic,Pr"]
[Black "Popovic,Pe"]
[Result "1-0"]
[WhiteElo "2597"]
[BlackElo "2495"]

1.d4 Nf6 2.Nf3 g6 3.g3 d5 4.Bg2 c6 5.b3 Bg7 6.Bb2 a5 7.O-O a4 8.Nc3 axb3
9.axb3 Na6 10.Ne5 Bf5 11.Na4 O-O 12.c4 Be4 13.Bh3 Bf5 14.Bxf5 gxf5 15.Qd3 e6
16.Rfd1 Re8 17.cxd5 Nb4 18.Qd2 Nbxd5 19.Nc5 Qc7 20.f3 Red8 21.Kh1 Ne7 22.Qb4 b6
23.Ncd3 Nfd5 24.Qd2 Ng6 25.Nc4 Nde7 26.Rxa8 Rxa8 27.Rc1 Rd8 28.Qe3 Nd5 29.Qg5 Nde7
30.Qe3 Nd5 31.Qg1 Nde7 32.Ra1 Qb7 33.Ra2 b5 34.Nce5 Nxe5 35.dxe5 Ng6 36.Qa7 Qc8
37.Ra1 Bf8 38.Rc1 Rd5 39.Qb6 Qd7 40.Qxc6 Rxd3 41.exd3 Qxd3 42.Qc3 Qe2 43.f4 Ne7
44.Qc2 Qf3+ 45.Kg1 Qe3+ 46.Kg2 Nd5 47.Rf1 Nb4 48.Qd1 Nd3 49.Bc3 Nxf4+ 50.gxf4 Qxc3
51.Qf3 Bb4 52.Rd1 Qc2+ 53.Kh3 Be7 54.Rg1+  1-0

[Event "Schachbundesliga 2010-11"]
[Site "Remagen GER"]
[Date "2011.02.06"]
[Round "9"]
[White "Jaracz,P"]
[Black "Nikolic,Pr"]
[Result "0-1"]
[WhiteElo "2543"]
[BlackElo "2597"]

1.e4 e5 2.Nf3 Nc6 3.Bb5 a6 4.Ba4 Nf6 5.O-O Be7 6.Re1 b5 7.Bb3 d6 8.c3 O-O
9.h3 Re8 10.Ng5 Bf8 11.d4 Bb7 12.d5 Nb8 13.Nd2 Nbd7 14.Nf1 Re7 15.Ng3 g6
16.Bc2 Nb6 17.Nf3 Bg7 18.h4 c6 19.dxc6 Bxc6 20.h5 Re8 21.Bg5 Qc7 22.Nh2 d5
23.hxg6 hxg6 24.Qf3 dxe4 25.Nxe4 Nh7 26.Qg3 f5 27.Nd2 Qf7 28.Nhf3 e4 29.Nd4 Bxd4
30.cxd4 Nxg5 31.Qxg5 Kg7 32.Bb3 Qf6 33.Qxf6+ Kxf6 34.Rac1 Bd5 35.Rc7 Rec8
36.Rec1 Bxb3 37.Nxb3 Nc4 38.Rxc8 Rxc8 39.Nc5 Rd8 40.b3 Nb2 41.Nxa6 Rxd4 42.Rc6+ Kg5
43.Nc5 Rd1+ 44.Kh2 Rd2 45.a4 bxa4 46.bxa4 Nd1 47.Ne6+ Kg4 48.f3+ exf3 49.Rc4+ Kh5
50.Kg3 Rxg2+ 51.Kxf3 Rf2+ 52.Kg3 g5 53.Rc5 Rf1 54.a5 Ne3 55.a6 Ra1 56.Rc6 Nf1+
57.Kf2 Nd2 58.Rb6 Ra2 59.Ke1 Ne4 60.Nc7 f4 61.Re6 Nc5 62.Rf6 Kg4 63.Kd1 Ne4
64.Re6 Nc3+  0-1

[Event "TCh-NED"]
[Site "Netherlands NED"]
[Date "2011.02.12"]
[Round "6.3"]
[White "Pruijssers,R"]
[Black "Nikolic,Pr"]
[Result "1/2-1/2"]
[WhiteElo "2483"]
[BlackElo "2597"]

1.e4 e6 2.d4 d5 3.Nc3 Bb4 4.e5 c5 5.a3 Bxc3+ 6.bxc3 Qa5 7.Bd2 Qa4 8.Qb1 c4
9.h4 Nc6 10.h5 h6 11.Rh3 Nge7 12.Rg3 Rg8 13.Rf3 Bd7 14.g4 Rf8 15.Ne2 O-O-O
16.g5 hxg5 17.Bxg5 Rde8 18.h6 gxh6 19.Bxh6 Rh8 20.Bg5 Rh7 21.Qc1 Rg8 22.Rh3 Rxh3
23.Bxh3 Rh8 24.Bg2 Ng8 25.Qf4 Qxc2 26.Qxf7 Qh7 27.Qf8+ Kc7 28.Qd6+ Kc8 29.Qf8+ Kc7
30.Qd6+ Kc8 31.Qf8+  1/2-1/2

[Event "Schachbundesliga 2010-11"]
[Site "Solingen GER"]
[Date "2011.02.26"]
[Round "10"]
[White "Nikolic,Pr"]
[Black "Hansen,SuB"]
[Result "1/2-1/2"]
[WhiteElo "2597"]
[BlackElo "2595"]

1.d4 c6 2.c4 d5 3.e3 Bf5 4.cxd5 cxd5 5.Nc3 e6 6.Nf3 Nc6 7.Bd2 Bd6 8.Rc1 Nf6
9.Nh4 Bg4 10.Qb3 Rb8 11.h3 Bh5 12.g4 Bg6 13.Nxg6 hxg6 14.Bg2 a6 15.Qd1 Be7
16.f4 Nd7 17.O-O Nb6 18.f5 gxf5 19.gxf5 e5 20.dxe5 Nxe5 21.Be1 Bh4 22.Bxh4 Qxh4
23.Qd4 Qxd4 24.exd4 Nc6 25.Nxd5 Nxd5 26.Bxd5 Rxh3 27.Rfe1+ Kd7 28.Bxf7 Rbh8
29.Bd5 R3h5 30.Be4 Rg5+ 31.Kf2 Rh4 32.Rcd1 Ne7 33.Bxb7 Rxf5+ 34.Bf3 Rh3 35.Rd3 Ng6
36.Ree3 Nh4 37.Ke2 Rh2+ 38.Kd1 Nxf3 39.Rxf3 Rxf3  1/2-1/2

[Event "TCh-NED"]
[Site "Netherlands NED"]
[Date "2011.03.12"]
[Round "7.5"]
[White "Nikolic,Pr"]
[Black "Wempe,Jo"]
[Result "1-0"]
[WhiteElo "2597"]
[BlackElo "2283"]

1.d4 Nf6 2.Nf3 e6 3.c4 Bb4+ 4.Nbd2 O-O 5.a3 Be7 6.e4 d5 7.Qc2 dxe4 8.Nxe4 Nbd7
9.Neg5 c5 10.dxc5 Bxc5 11.b4 Bd6 12.Bb2 Qe7 13.Rd1 e5 14.Nh4 Nb8 15.c5 Bc7
16.Bc4 e4 17.g3 Bg4 18.Be2 Bxe2 19.Nf5 Qe8 20.Qxe2 Be5 21.Nd6 Qe7 22.O-O Bxb2
23.Qxb2 b6 24.Nf5 Qc7 25.Nxe4  1-0

[Event "Schachbundesliga 2010-11"]
[Site "Delmenhorst GER"]
[Date "2011.03.19"]
[Round "12"]
[White "Nikolic,Pr"]
[Black "Margraf,D"]
[Result "1-0"]
[WhiteElo "2597"]
[BlackElo "2264"]

1.d4 Nf6 2.Nf3 g6 3.g3 Bg7 4.Bg2 O-O 5.c4 c5 6.d5 d6 7.O-O e6 8.dxe6 fxe6
9.Nc3 d5 10.cxd5 exd5 11.Bg5 Be6 12.Ne1 Nc6 13.Nd3 Qd6 14.Nf4 Bf7 15.Bxf6 Qxf6
16.Nfxd5 Qe5 17.f4 Qd4+ 18.e3 Qxd1 19.Rfxd1 Rfd8 20.Nc7 Rac8 21.N7b5 a6 22.Nd6 Rc7
23.Nxf7 Kxf7 24.Bxc6 Rxd1+ 25.Rxd1 bxc6 26.Rc1 Rd7 27.Ne4 Re7 28.Ng5+ Kg8
29.Kf2 h6 30.Nf3 Bxb2 31.Rxc5 Rc7 32.h4  1-0

[Event "Schachbundesliga 2010-11"]
[Site "Aue GER"]
[Date "2011.04.09"]
[Round "14"]
[White "Slobodjan,R"]
[Black "Nikolic,Pr"]
[Result "1/2-1/2"]
[WhiteElo "2556"]
[BlackElo "2597"]

1.e4 e6 2.d4 d5 3.Nc3 Bb4 4.Ne2 dxe4 5.a3 Be7 6.Nxe4 Nf6 7.N2g3 O-O 8.Be2 Nbd7
9.O-O b6 10.Bf3 Rb8 11.Re1 Ba6 12.Nc3 Re8 13.Bc6 Bb7 14.Qf3 Bxc6 15.Qxc6 Nf8
16.Be3 Qd7 17.Qxd7 N8xd7 18.Bf4 Rbc8 19.Rad1 c6 20.Nce4 Nd5 21.Bd6 b5 22.Bxe7 Rxe7
23.c3 Kf8 24.Nd6 Rb8 25.Nge4 a5 26.Ng5 N7f6 27.Nde4 Nxe4 28.Rxe4 h6 29.Nf3 f6
30.Ne1 Kf7 31.Nd3 Nb6 32.Rde1 a4 33.Rf4 Rc8 34.Re2 g5 35.Rf3 Nd5 36.g3 Kg6
37.h3 Rce8 38.Kf1 h5 39.Re4 Kg7 40.Nc5 e5 41.Rd3 Kg6 42.dxe5 Rxe5 43.Rxe5 Rxe5
44.Nd7 Re8 45.Rd4 Kf5 46.c4 Nc7 47.g4+ hxg4 48.hxg4+ Ke6 49.Nc5+ Ke5 50.Re4+ Kd6
51.Nb7+ Kd7 52.Rd4+ Ke7 53.Na5 c5 54.Re4+ Kd7 55.Rxe8 Kxe8 56.Nb7 bxc4 57.Nxc5 c3
58.bxc3 Nb5 59.Nxa4 Nxa3 60.Nb6 Nb5 61.Nd5 Kf7 62.Ke2 Ke6 63.Kd3 Ke5 64.Ne3 Nc7
65.c4 Ne6 66.Nd5 f5 67.gxf5 Kxf5 68.Ke3 g4 69.Ne7+ Ke5 70.Ng6+ Kf5 71.Nh4+ Ke5
72.Ng2 Ng7 73.Kd3 Nh5 74.Ke3 Ng7 75.Nh4 Nh5 76.Ng6+ Kd6 77.Kd4 g3 78.c5+ Kc7
79.fxg3 Nxg3 80.Ne7 Ne2+ 81.Kc4  1/2-1/2

[Event "TCh-BIH 2011"]
[Site "Neum BIH"]
[Date "2011.06.04"]
[Round "1.2"]
[White "Nikolic,Pr"]
[Black "Bilic,V"]
[Result "1/2-1/2"]
[WhiteElo "2630"]
[BlackElo "2307"]

1.c4 c6 2.d4 d5 3.Nc3 Nf6 4.e3 g6 5.Nf3 Bg7 6.Be2 O-O 7.h3 a6 8.O-O b5 9.b3 Bf5
10.Bb2 Ne4 11.Nxe4 Bxe4 12.Ne5 dxc4 13.bxc4 Nd7 14.Nf3 bxc4 15.Bxc4 Bd5 16.Qe2 Qa5
17.Rfc1 Rfb8 18.Rc2 Nb6 19.Bb3 Na4 20.Bxa4 Qxa4 21.e4 Be6 22.Bc3 Rd8 23.Rac1 h6
24.Rb2 a5 25.Qe3 Qa3 26.Rbc2 Kh7 27.Qe2 Qa4 28.Ba1 Rab8 29.Qd2 Rb4 30.Bc3 Rb5
31.Qf4 Rb1 32.Kh2 Rxc1 33.Rxc1 Qxa2 34.Qc7 Qa3 35.Bd2 Qd6+ 36.Qxd6 Rxd6 37.e5 Rd7
38.Bxa5 Bd5 39.Ne1 Ra7 40.Bb4 g5 41.Nd3 f6 42.f3 h5 43.Kg1 Kg6 44.Bc5 Rb7
45.Re1 Rb3 46.exf6 exf6 47.Nb4 g4 48.Nxd5 cxd5 49.hxg4 hxg4 50.fxg4 Rg3 51.Re8 Rxg4
52.Rd8 Rg5 53.Bb4 Kf5 54.Rxd5+ Ke4 55.Rd7 Rb5 56.Bc5 Bh6 57.Re7+ Kd5 58.Re8 Bf4
59.Rf8 Bg3 60.Rxf6 Rb1+ 61.Rf1 Rb2 62.Bf8 Rd2 63.Bg7 Ra2 64.Bf6 Rc2 65.Bg5 Re2
66.Bc1 Re4 67.Bb2 Re2 68.Bc3 Re3 69.Ba5 Ra3 70.Be1 Bxe1 71.Rxe1 Kxd4 72.Kf2 Rb3
73.g3 Rb8 74.g4 Rg8 75.Kf3 Kd5 76.Re4 Rf8+ 77.Rf4 Rg8 78.Rf6 Ke5 79.Ra6 Rh8
80.Kg3 Rh1 81.Rg6 Rh8 82.Ra6 Rh1 83.Rb6 Rh8 84.g5 Kf5 85.Rb5+ Kg6 86.Kg4 Rh1  1/2-1/2

[Event "TCh-BIH 2011"]
[Site "Neum BIH"]
[Date "2011.06.05"]
[Round "2.4"]
[White "Goric,E"]
[Black "Nikolic,Pr"]
[Result "0-1"]
[WhiteElo "2377"]
[BlackElo "2630"]

1.Nf3 g6 2.d4 f5 3.b3 Bg7 4.Bb2 d6 5.e3 Nf6 6.Be2 O-O 7.O-O e6 8.c4 Qe7 9.Nc3 b6
10.Nd2 Bb7 11.Bf3 c5 12.dxc5 bxc5 13.Bxb7 Qxb7 14.Nf3 Rd8 15.Rc1 Nc6 16.Rc2 Qe7
17.Qa1 h6 18.Rd1 g5 19.Rcd2 Rd7 20.Ne1 Rad8 21.Qb1 Qf7 22.Na4 g4 23.Nd3 Ne4
24.Rc2 e5 25.Nc3 Ng5 26.Nd5 Ne7 27.Nxe7+ Qxe7 28.Ne1 Qe6 29.Rcd2 Kh7 30.Rd5 h5
31.Qc2 Qg6 32.Nd3 Qe6 33.Ne1 Rc8 34.a3 Ne4 35.f3 gxf3 36.gxf3 Ng5 37.Kf1 Rg8
38.h4 Nf7 39.f4 e4 40.R1d2 Rdd8 41.Qd1 Kh6 42.Bxg7+ Rxg7 43.Rg2 Rxg2 44.Nxg2 Rg8
45.Rd2 Rg3 46.Rf2 Qg6 47.Qe2 Rh3 48.Ke1 Qg7 49.Qc2 Rh1+ 50.Kd2 Qa1  0-1

[Event "TCh-BIH 2011"]
[Site "Neum BIH"]
[Date "2011.06.06"]
[Round "3.3"]
[White "Nikolic,Pr"]
[Black "Urosevic,A"]
[Result "1-0"]
[WhiteElo "2630"]
[BlackElo "2285"]

1.d4 d5 2.c4 c6 3.Nf3 Nf6 4.Nc3 dxc4 5.e3 b5 6.a4 b4 7.Nb1 e6 8.Bxc4 Nbd7
9.O-O Be7 10.a5 O-O 11.Nbd2 c5 12.e4 cxd4 13.e5 Ng4 14.Qe2 Qc7 15.Re1 Bb7
16.Bb5 Rfd8 17.a6 d3 18.Bxd3 Bc6 19.Nc4 Nc5 20.Bc2 b3 21.Bb1 Bb5 22.Bd2 Rd5
23.Bc3 Rad8 24.Ba5 Qc6 25.Bxd8 Bxd8 26.Rc1 Qc7 27.Be4 Rd7 28.Qe1 Be7 29.h3 Nh6
30.Nd6  1-0

[Event "TCh-BIH 2011"]
[Site "Neum BIH"]
[Date "2011.06.07"]
[Round "4.3"]
[White "Dimitrijevic,A"]
[Black "Nikolic,Pr"]
[Result "1/2-1/2"]
[WhiteElo "2263"]
[BlackElo "2630"]

1.a3 d5 2.d4 c6 3.Nf3 Nf6 4.b3 g6 5.Bb2 Bg7 6.e3 O-O 7.Be2 Ne4 8.Nbd2 c5
9.O-O Nc6 10.c4 Nxd2 11.Qxd2 Na5 12.Rad1 dxc4 13.bxc4 cxd4 14.exd4 Qc7 15.d5 Nb3
16.Qc2 Nc5 17.Bxg7 Kxg7 18.Rd4 Qd6 19.Re1 Bf5 20.Qb2 Qf6 21.Bf1 Be4 22.Nd2 Bd3
23.Re3 Bxf1 24.Nxf1 e5 25.Rd1 Rfe8 26.Qe2 Qd6 27.Re1 e4 28.f3 f5 29.fxe4 Rxe4
30.Nd2 Rxe3 31.Qxe3 Rf8 32.Nf3 Kg8 33.Ng5 Rd8 34.Qd4 h6 35.Nf3 Kh7 36.h4 b6
37.h5 gxh5 38.Qh4 Rg8 39.Qxh5 Qf6 40.Re5 f4 41.Rf5 Qg6 42.Rf7+ Rg7 43.Qxg6+ Kxg6
44.Ne5+ Kh7 45.Rxf4 Re7 46.Nc6 Re1+ 47.Kh2 a6 48.Rd4 Re4 49.Rxe4 Nxe4 50.Nb8 Kg6
51.Nxa6 Kf5 52.Nc7 Nd6 53.Nb5 Nxc4 54.Kh3 Ke5 55.d6 Ke6 56.Kh4 Ne3 57.g4 Nc4
58.Kh5 Ne5 59.Kh4 Nc4 60.Kh5 Ne5 61.Kh4  1/2-1/2

[Event "TCh-BIH 2011"]
[Site "Neum BIH"]
[Date "2011.06.08"]
[Round "5.4"]
[White "Nikolic,Pr"]
[Black "Kurajica,B"]
[Result "1-0"]
[WhiteElo "2630"]
[BlackElo "2531"]

1.d4 Nf6 2.c4 g6 3.Nc3 d5 4.Bf4 Bg7 5.Rc1 dxc4 6.e4 a6 7.Bxc4 b5 8.Bb3 Bb7
9.Nf3 O-O 10.O-O Nc6 11.a3 Nd7 12.Nd5 Nxd4 13.Nxd4 c5 14.Nf3 c4 15.Ba2 Nc5
16.Bc7 Qd7 17.Be5 f6 18.Bd4 Nxe4 19.Nb6 Qc6 20.Nxa8 e5 21.Nb6 exd4 22.Nxc4 bxc4
23.Rxc4 Qe6 24.Nxd4 Qf7 25.Bb3 Kh8 26.Rc1 Bd5 27.Bxd5 Qxd5 28.Nf3 Qb5 29.Rc2 f5
30.Qc1 h6 31.h4 a5 32.Rd1 Rf7 33.Qe3 Kh7 34.Qd3 Qb6 35.Qd5 Qa7 36.Ne5 Rc7
37.Nc6 Qb6 38.h5 Nxf2 39.hxg6+  1-0

[Event "TCh-BIH 2011"]
[Site "Neum BIH"]
[Date "2011.06.09"]
[Round "6.2"]
[White "Sekulic,V"]
[Black "Nikolic,Pr"]
[Result "1/2-1/2"]
[WhiteElo "2295"]
[BlackElo "2630"]

1.d4 d5 2.c4 dxc4 3.Nf3 a6 4.e3 Bg4 5.Bxc4 e6 6.O-O Nf6 7.Nc3 Nc6 8.h3 Bh5
9.b3 Bd6 10.Bb2 O-O 11.Be2 Qe7 12.Nd2 Bxe2 13.Nxe2 e5 14.dxe5 Nxe5 15.Nd4 g6
16.Qc2 Rfd8 17.Ne4 Nxe4 18.Qxe4 c5 19.Nf3 Nd3 20.Qxe7 Bxe7 21.Bc3 b5 22.Rad1 f6
23.Ne1 Ne5 24.Nc2 Nc6 25.e4 Rxd1 26.Rxd1 Rd8 27.Rxd8+ Bxd8 28.f4 Bc7 29.g3 g5
30.Ne3 gxf4 31.Nd5 Be5 32.gxf4 Bxc3 33.Nxc3 Kf7 34.Kf2 Ke6 35.Ke3 Ne7 36.Kd3 Kd6
37.Ke3 f5 38.exf5 Nxf5+ 39.Kd3 h6 40.Ne4+ Kd5 41.Nc3+ Kd6 42.Ne4+ Kc6 43.Nf6 Ng3
44.Ng4 h5 45.Ne3 Kd6 46.a3 Ke6 47.a4 Nf5 48.axb5 axb5 49.Nd1 Nd6 50.Nc3 Kf5
51.Ke3 b4 52.Nd5 Nb7 53.Ne7+ Ke6 54.Nc6 Kd6 55.Ne5 Na5 56.Ke4 Nxb3 57.Nc4+ Ke6
58.f5+ Kf6 59.Ne3 Nd4 60.Nd5+ Kg5 61.f6 Kg6 62.Nf4+ Kxf6 63.Nxh5+ Kg5 64.Nf4 b3
65.Nd3 Nc6 66.Nb2 Na5 67.Kd5 c4 68.Kd4 Kh4 69.Kc3 Kxh3 70.Nxc4 Nxc4 71.Kxb3  1/2-1/2

[Event "TCh-BIH 2011"]
[Site "Neum BIH"]
[Date "2011.06.10"]
[Round "7.5"]
[White "Nikolic,Pr"]
[Black "Tonkovic,R"]
[Result "1-0"]
[WhiteElo "2630"]
[BlackElo "2132"]

1.d4 g6 2.Nf3 Bg7 3.g3 c5 4.d5 Nf6 5.c4 d6 6.Bg2 O-O 7.O-O Na6 8.Nc3 Nc7
9.e4 b5 10.cxb5 a6 11.e5 Ng4 12.b6 Nb5 13.exd6 exd6 14.Na4 Ne5 15.Nxe5 Bxe5
16.Bd2 Bd7 17.Ba5 Rb8 18.Rc1 Nd4 19.Nc3 f5 20.f4 Bg7 21.Qd2 Qf6 22.Rfe1 Nb5
23.Bf1 Qd4+ 24.Qxd4 Nxd4 25.Re7 Bb5 26.Nxb5 axb5 27.b4 c4 28.Kf2 Rf7 29.Rc7 Kf8
30.b7 Rxc7 31.Bxc7 Rxb7 32.Bxd6+ Kf7 33.Be5 Rd7 34.Ke3  1-0

[Event "TCh-BIH 2011"]
[Site "Neum BIH"]
[Date "2011.06.11"]
[Round "8.1"]
[White "Nikolic,Pr"]
[Black "Dumpor,A"]
[Result "1-0"]
[WhiteElo "2630"]
[BlackElo "2383"]

1.d4 d5 2.c4 c6 3.Nc3 Nf6 4.e3 Nbd7 5.Nf3 e6 6.Qc2 Be7 7.b3 O-O 8.Be2 b6
9.O-O Bb7 10.Bb2 c5 11.cxd5 cxd4 12.Nxd4 Nxd5 13.Nxd5 Bxd5 14.Rad1 Rc8 15.Qb1 Qc7
16.Nf5 Bf6 17.Rc1 Qb8 18.Bxf6 exf5 19.Bd4 g6 20.Qb2 Rxc1 21.Rxc1 Rc8 22.h3 Nf8
23.Qd2 Rxc1+ 24.Qxc1 Ne6 25.Ba1 h5 26.Qc3 Kh7 27.Qf6 Qg8 28.Qe7 f4 29.exf4 Nxf4
30.Bf1 Be6 31.Be5 Nd5 32.Qxa7 Qe8 33.Bb2 Qc8 34.Qa4 Qc2 35.Qd4 f6 36.Bd3 Qd1+
37.Kh2 Kh6 38.Bc4 Qc2 39.Bxd5 Bxd5 40.Qxf6 Qc6 41.Qf8+ Kg5 42.f4+  1-0

[Event "TCh-BIH 2011"]
[Site "Neum BIH"]
[Date "2011.06.12"]
[Round "9.5"]
[White "Trumic,E"]
[Black "Nikolic,Pr"]
[Result "0-1"]
[WhiteElo "2312"]
[BlackElo "2630"]

1.d4 Nf6 2.c4 e6 3.Nc3 Bb4 4.e3 O-O 5.Bd3 c5 6.Ne2 d5 7.a3 Bxc3+ 8.bxc3 dxc4
9.Bxc4 Nc6 10.f4 b6 11.O-O Bb7 12.Ng3 Rc8 13.Bd3 cxd4 14.cxd4 Nxd4 15.Bb2 Nc6
16.Qe2 Qe7 17.Rad1 Rfd8 18.Kh1 Ne8 19.f5 Nf6 20.fxe6 fxe6 21.e4 Nd7 22.e5 Nc5
23.Ne4 Rxd3 24.Rxd3 Nxe4 25.Qxe4 Nb8 26.Qd4 Ba6 27.Rfd1 Bxd3 28.Qxd3 Nc6
29.Qg3 Nd8 30.h3 Nf7 31.Bc1 Rd8 32.Rf1 Rd5 33.Kh2 Nxe5 34.Bg5 Qe8 35.h4 Ng6
36.Qg4 h6 37.Be3 Ne5 38.Qf4 Qh5 39.Bd4 Kh7 40.Re1 Ng6 41.Qe4 Qxh4+ 42.Qxh4 Nxh4
43.Bf2 Ng6 44.Rxe6  0-1

[Event "HSG Open"]
[Site "Hilversum NED"]
[Date "2011.06.24"]
[Round "1"]
[White "Nikolic,Pr"]
[Black "Holscher,P"]
[Result "1-0"]
[WhiteElo "2630"]
[BlackElo "2085"]

1.d4 Nf6 2.Nf3 e6 3.c4 b6 4.g3 Ba6 5.Nbd2 Bb4 6.Qc2 O-O 7.Bg2 c6 8.O-O d5
9.b3 Nbd7 10.e4 h6 11.e5 Nh7 12.a3 Be7 13.h4 Rc8 14.Re1 Re8 15.Bb2 f5 16.exf6 Bxf6
17.Rad1 Nhf8 18.Nf1 Qe7 19.Ne3 Qf7 20.b4 dxc4 21.Nxc4 Bxc4 22.Qxc4 c5 23.bxc5 bxc5
24.Ne5 Bxe5 25.dxe5 Nb6 26.Qb3 c4 27.Qb5 c3 28.Bc1 Qe7 29.Rd6 Nc4 30.Rc6 Nb6
31.Re3 c2 32.Rec3 Red8 33.Rxc8 Rxc8 34.Rxc8 Nxc8 35.Qc6 Qd7 36.Qxc2 Nb6 37.Kh2 Qb5
38.f4 Nd5 39.f5 exf5 40.Qa2  1-0

[Event "HSG Open"]
[Site "Hilversum NED"]
[Date "2011.06.25"]
[Round "3"]
[White "Nikolic,Pr"]
[Black "Pietrow,A"]
[Result "1-0"]
[WhiteElo "2630"]
[BlackElo "2091"]

1.d4 d5 2.c4 e6 3.Nf3 c5 4.cxd5 exd5 5.Bg5 f6 6.Bf4 c4 7.Nc3 Nc6 8.g3 Bb4
9.Bg2 Nge7 10.O-O Bxc3 11.bxc3 O-O 12.Re1 Be6 13.Rb1 Qd7 14.Bc1 Rfe8 15.Nd2 Rac8
16.Ba3 b6 17.e4 Bf7 18.Qa4 Rcd8 19.Qb5 Na5 20.Qxd7 Rxd7 21.e5 Bg6 22.Rbc1 Nc8
23.f4 fxe5 24.fxe5 Bf5 25.Rf1 Be6 26.Rf4 h6 27.Nf1 Nc6 28.Ne3 N6e7 29.Rcf1 Ng6
30.R4f2 Rdd8 31.h4 Nge7 32.Kh2 Ng6 33.h5 Nge7 34.g4 a5 35.Kg3 Na7 36.Rb1 Nac8
37.Rb5 Rd7 38.Bxe7  1-0

[Event "HSG Open"]
[Site "Hilversum NED"]
[Date "2011.06.25"]
[Round "4"]
[White "Wieringa,Helmer"]
[Black "Nikolic,Pr"]
[Result "0-1"]
[WhiteElo "2076"]
[BlackElo "2630"]

1.e4 d6 2.Nc3 g6 3.g3 Bg7 4.Bg2 c6 5.f4 e5 6.d3 Ne7 7.Nh3 O-O 8.O-O exf4
9.Nxf4 Na6 10.Nce2 Nc7 11.d4 f5 12.c3 fxe4 13.Bxe4 Nf5 14.Ng2 d5 15.Bd3 Nd6
16.Rxf8+ Qxf8 17.Be3 Nc4 18.Bc1 Bg4 19.b3 Nd6 20.Qc2 Ne6 21.Be3 Qe7 22.Qd2 Re8
23.Re1 Bf3 24.h4 Ne4 25.Bxe4 Bxe4 26.Nef4 Rf8 27.Nxe6 Qxe6 28.Kh2 Rf3 29.Bf2 Qf5
30.Be3 Qg4 31.Bf4 Rd3 32.Qb2 h6 33.Re3 Qd1 34.Rxd3 Qxd3 35.Qd2 Qf1 36.Be3 a5
37.Qf2 Qa1 38.Qd2 b5 39.g4 Bf8 40.Bf4 Qf1 41.Be5 Ba3 42.Bg3 Qf3 43.g5 hxg5
44.hxg5 Bc1 45.Qf2 Qh5+ 46.Kg1 Bxg5 47.Bd6 Bh6 48.Bc7 Qg4 49.Kf1 a4 50.bxa4 bxa4
51.a3 Qxg2+ 52.Qxg2 Bxg2+ 53.Kxg2 Bf8 54.Kf3 Bxa3  0-1

[Event "HSG Open"]
[Site "Hilversum NED"]
[Date "2011.06.26"]
[Round "5"]
[White "Nikolic,Pr"]
[Black "Slingerland,F"]
[Result "1-0"]
[WhiteElo "2630"]
[BlackElo "2415"]

1.c4 e5 2.Nc3 Nf6 3.Nf3 Nc6 4.e4 d6 5.d4 Bg4 6.d5 Nd4 7.Be2 Bxf3 8.Bxf3 c5
9.dxc6 bxc6 10.Be3 c5 11.O-O Be7 12.g3 O-O 13.Bg2 Qd7 14.Kh1 Bd8 15.f4 Rb8
16.Rb1 Ba5 17.fxe5 dxe5 18.Rxf6 Bxc3 19.bxc3 gxf6 20.cxd4 cxd4 21.Bh6 Rfd8
22.Rb3 Rxb3 23.axb3 d3 24.Bd2 Kg7 25.h4 Rb8 26.Kh2 Qd4 27.Qf3 Qd6 28.Be3 h6
29.Qg4+ Kf8 30.Qd1 a5 31.c5 Qd7 32.c6 Qxc6 33.Bxh6+ Ke7 34.Qxd3 Rd8 35.Qe2 Qc5
36.Bd2 Rb8 37.Qd3 Rd8 38.Qe2 Rb8 39.Qf3 Rd8 40.Be1 Rb8 41.Qd3 Qd4 42.Qc2 Qb6
43.Bd2 Kf8 44.Bh6+ Ke7 45.Qc3 Rd8 46.Be3 Qb5 47.Qc7+ Rd7 48.Qc8 Rd8 49.Qc5+ Qxc5
50.Bxc5+ Ke8 51.Bf1 Rc8 52.Bb5+ Kd8 53.Bb6+  1-0

[Event "5th LCT Open A"]
[Site "Leiden NED"]
[Date "2011.07.08"]
[Round "1"]
[White "Van Overdam,Jul"]
[Black "Nikolic,Pr"]
[Result "0-1"]
[WhiteElo "2215"]
[BlackElo "2629"]

1.e4 d6 2.Nc3 g6 3.f4 c5 4.Nf3 Bg7 5.Bb5+ Bd7 6.Bc4 Nc6 7.d3 Na5 8.Bb3 Nxb3
9.axb3 Nf6 10.O-O O-O 11.Qe1 e6 12.e5 Ne8 13.Ne4 Bc6 14.exd6 Nxd6 15.Ne5 Qc7
16.Nxc6 Qxc6 17.Nxd6 Qxd6 18.Qe4 Qc7 19.Ra2 a5 20.Bd2 Rfd8 21.Bc3 Bd4+ 22.Kh1 b6
23.g3 Rac8 24.Re1 Rd5 25.Qf3 Qd8 26.Bd2 Qd7 27.Kg2 Re8 28.Re2 Qd8 29.Be1 Rd7
30.h4 h5 31.Bc3 Rd6 32.Bd2 Re7 33.b4 c4 34.bxa5 cxd3 35.cxd3 Ra7 36.b4 bxa5
37.Rxa5 Rxa5 38.bxa5 Bc5 39.Be1 Rxd3 40.Qc6 Ba7 41.Rc2 Kg7 42.Qb7 Bd4 43.Qc6 Rd1
44.Qe4 Bf6 45.Re2 Ra1 46.Kh2 Qd1 47.Kg2 Kh7 48.Kh2 Bg7 49.Kh3 Ra4 50.Qc2 Qd7
51.Kh2 Qb5 52.Qd2 Rxa5 53.Rg2 Ra1 54.Bf2 Qa4 55.Qe2 Qa8 56.Qe3 Ra2 57.Qd3 Rb2
58.Qe3 Qd5 59.Qc5 Qb7 60.Qa7 Qf3 61.Qe3 Qd1 62.Bg1 Rb7 63.Qd2 Qb3 64.Qe3 Qa4
65.Qf3 Rb3 66.Qe2 Qc6 67.Qc2 Rc3 68.Qf2 Rd3 69.Qa7 Rd7 70.Qc5 Qe4 71.Qe3 Qf5
72.Rd2 Rd5 73.Qe2 Bc3 74.Rc2 Rd3 75.Qg2 e5 76.fxe5 Rxg3 77.Qxg3 Bxe5  0-1

[Event "5th LCT Open A"]
[Site "Leiden NED"]
[Date "2011.07.09"]
[Round "2"]
[White "Nikolic,Pr"]
[Black "Pijpers,A"]
[Result "1-0"]
[WhiteElo "2629"]
[BlackElo "2296"]

1.d4 d5 2.c4 c6 3.e3 Bf5 4.cxd5 cxd5 5.Qb3 Qc7 6.Bb5+ Bd7 7.Nc3 e6 8.Bd3 Nc6
9.f4 Nf6 10.Nf3 a6 11.O-O Bd6 12.Bd2 O-O 13.Qd1 b5 14.Rc1 Rfc8 15.Ne5 Be8
16.Be1 Qb6 17.Rf3 Na5 18.Rh3 g6 19.Bh4 Be7 20.Bg5 b4 21.Ne2 Rxc1 22.Qxc1 Bb5
23.Qe1 Bxd3 24.Nxd3 Qb5 25.Nec1 b3 26.a3 Kg7 27.Nc5 Nc4 28.a4 Qc6 29.N1d3 Nd6
30.Ne5 Qe8 31.Qh4 h5 32.g4 Qh8 33.Qe1 Nde4 34.Nxe4 dxe4 35.gxh5 gxh5 36.Nc6 Qe8
37.Nxe7 Qxe7 38.Qh4 Qb4 39.Bxf6+ Kf8 40.Qxh5 Qe1+ 41.Kg2 Ke8 42.Rg3  1-0

[Event "5th LCT Open A"]
[Site "Leiden NED"]
[Date "2011.07.10"]
[Round "3"]
[White "Van der Wiel,J"]
[Black "Nikolic,Pr"]
[Result "1/2-1/2"]
[WhiteElo "2451"]
[BlackElo "2629"]

1.e4 e5 2.Nf3 Nc6 3.d4 exd4 4.Nxd4 Nf6 5.Nxc6 bxc6 6.e5 Qe7 7.Qe2 Nd5 8.Nd2 Nf4
9.Qe3 Ng6 10.Nf3 d6 11.exd6 cxd6 12.Bd3 Bd7 13.O-O Qxe3 14.Bxe3 Be7 15.Rfe1 O-O
16.Bxg6  1/2-1/2

[Event "5th LCT Open A"]
[Site "Leiden NED"]
[Date "2011.07.11"]
[Round "4"]
[White "Nikolic,Pr"]
[Black "Chytilek,R"]
[Result "1-0"]
[WhiteElo "2629"]
[BlackElo "2381"]

1.d4 Nf6 2.c4 g6 3.Nf3 Bg7 4.g3 c5 5.d5 b5 6.Bg2 bxc4 7.Ne5 Bb7 8.O-O O-O
9.Nc3 d6 10.Nxc4 Nbd7 11.a4 Rb8 12.Re1 Ne8 13.Qc2 Ba6 14.Na3 Nc7 15.Rb1 Nb6
16.e4 e6 17.b3 exd5 18.exd5 Bc8 19.Bb2 Bf5 20.Be4 Bxe4 21.Nxe4 Nbxd5 22.Bxg7 Kxg7
23.Nc4 Ne6 24.Ncxd6 Nd4 25.Qxc5 Nf3+ 26.Kf1 Nxe1 27.Qxd5 Nc2 28.Rc1 Nb4 29.Qd4+ Kh6
30.Nf6 g5 31.h4 Qa5 32.Rc5 Qa6+ 33.Kg1 Qd3 34.Ng4+  1-0

[Event "5th LCT Open A"]
[Site "Leiden NED"]
[Date "2011.07.12"]
[Round "5"]
[White "Howell,D"]
[Black "Nikolic,Pr"]
[Result "1/2-1/2"]
[WhiteElo "2625"]
[BlackElo "2629"]

1.e4 e5 2.Nf3 Nc6 3.Bc4 Nf6 4.Ng5 d5 5.exd5 Na5 6.Bb5+ c6 7.dxc6 bxc6 8.Bd3 Nd5
9.Nf3 Bd6 10.O-O Nf4 11.Re1 Nxd3 12.cxd3 O-O 13.Nxe5 c5 14.Nc3 Bb7 15.Nf3 Nc6
16.a3 Re8  1/2-1/2

[Event "5th LCT Open A"]
[Site "Leiden NED"]
[Date "2011.07.14"]
[Round "6"]
[White "Nikolic,Pr"]
[Black "Hasangatin,R"]
[Result "1-0"]
[WhiteElo "2629"]
[BlackElo "2515"]

1.d4 d5 2.c4 c6 3.Nf3 dxc4 4.e3 Be6 5.Qc2 Nf6 6.Bxc4 Bxc4 7.Qxc4 e6 8.O-O Be7
9.Nc3 Nbd7 10.e4 O-O 11.Rd1 Rc8 12.Qe2 Qc7 13.Bg5 Rfe8 14.Rac1 h6 15.Bh4 Qa5
16.a3 Nh5 17.Bxe7 Rxe7 18.Qd2 Ree8 19.e5 f5 20.Ne1 Qd8 21.Nd3 Nf8 22.Ne2 g5
23.b4 Ng7 24.a4 Re7 25.Rc3 Qe8 26.h4 Nh7 27.hxg5 hxg5 28.Nb2 Rd8 29.Nc4 Qg6
30.Qc2 Red7 31.b5 cxb5 32.axb5 Ne8 33.b6 a6 34.Ne3 Nf8 35.f4 gxf4 36.Nxf4 Qh6
37.Ne2 Rg7 38.Nf1 Nd7 39.Qb3 Nf8 40.d5 Rxd5 41.Rxd5 exd5 42.Nd4 Rf7 43.Rc8 Ng7
44.Rc7 Nge6 45.Rxf7 Kxf7 46.Qxd5 Ke8 47.Nxf5 Qc1 48.Nd6+ Ke7 49.Qxb7+ Nd7
50.Nf5+ Ke8 51.Qa8+ Nd8 52.b7 Qc5+ 53.N1e3 Qxe5 54.Qxa6 Qf6  1-0